| 000 | 00706nam a22002177a 4500 | ||
|---|---|---|---|
| 999 |
_c181941 _d181941 |
||
| 005 | 20211011144404.0 | ||
| 010 | _aB-741733 | ||
| 020 |
_a9788190960649 _c450.00 |
||
| 035 | _aB-741733 | ||
| 037 | _bGift | ||
| 082 | _a571.992 | ||
| 100 | _aSethi,Nitin | ||
| 245 | 1 | 4 |
_aThings we can't see can make us sick / _cby-Nitin Sethi |
| 260 |
_aDelhi _bKids knowledge bank _c2018 |
||
| 270 |
_a7/20,60 Feet road,Yudhishtra gali _bDelhi _e110032 |
||
| 300 |
_a54p: _c24 cm(.HB) _bill |
||
| 490 | _aKids Knowledge Guide of wellness & disease | ||
| 500 | _aWhy we get sick & how we can stay fit | ||
| 942 |
_2ddc _cCH _h571.992 _mSET |
||